| 000 | 00680nam a22002297a 4500 | ||
|---|---|---|---|
| 003 | OSt | ||
| 005 | 20260619110202.0 | ||
| 008 | 260619b |||||||| |||| 00| 0 eng d | ||
| 020 | _a0878222286 | ||
| 040 | _cChuka University Library | ||
| 050 | _aLB 3013 .S77 1983 | ||
| 100 |
_aPaine C. Stan _930365 |
||
| 245 | _aStructuring Your Classroom for Academic Success | ||
| 260 |
_aNorth Mattis Avenue _bChampaign _c1983 |
||
| 300 |
_aVarious Pagings _bAppendix |
||
| 650 |
_aClassroom Management _911400 |
||
| 700 |
_aJoAnn Radicchi _930366 |
||
| 700 |
_aLynne C. Rosellini _930367 |
||
| 700 |
_aLesle Deutchman _930368 |
||
| 700 |
_aCraig B. Darch _930369 |
||
| 942 |
_2lcc _cBK _n0 |
||
| 999 |
_c24863 _d24863 |
||